000 00680nam a2200193 4500
999 _c370949
_d370949
008 201207b ||||| |||| 00| 0 eng d
040 _bger
_cDE-2950
_erda
_aDE-2950
041 _ager
100 _aYu-Dembski, Dagmar:
245 _aAndreas Müller und sein Schlüssel zur chinesischen Sprache/
_cDagmar Yu-Dembski
264 _c2021
490 _aDie Mark Brandenburg
_vHeft 122: China In Brandenburg
653 _aMüller, Andreas 1630-1694
773 _dBerlin: Die Mark Brandenburg - Verlag für Regional- und Zeitgeschichte
_g(2021) Heft 122, S. 28-31: Abb.
_tDie Mark Brandenburg
942 _cA